000 00264nam a22001217a 4500
008 181025b xxu||||| |||| 00| 0 eng d
041 _aeng
080 _a030
100 _a25
101 _aenc
245 _aBritanica Great Boook
_cGilbert.H
942 _2udc
_cBK
999 _c50935
_d50935